Lang a fanm Ou ce que le créole dit des femmes ! (notice n° 1553805)
[ vue normale ]
| 000 -LEADER | |
|---|---|
| fixed length control field | 01636cam a2200277zu 4500 |
| 003 - CONTROL NUMBER IDENTIFIER | |
| control field | FRCYB45007915 |
| 005 - DATE AND TIME OF LATEST TRANSACTION | |
| control field | 20251020123331.0 |
| 008 - FIXED-LENGTH DATA ELEMENTS--GENERAL INFORMATION | |
| fixed length control field | 251020s2005 fr | o|||||0|0|||fre d |
| 020 ## - INTERNATIONAL STANDARD BOOK NUMBER | |
| International Standard Book Number | 9782844502681 |
| 035 ## - SYSTEM CONTROL NUMBER | |
| System control number | FRCYB45007915 |
| 040 ## - CATALOGING SOURCE | |
| Original cataloging agency | FR-PaCSA |
| Language of cataloging | fr |
| Transcribing agency | |
| Description conventions | rda |
| 100 1# - MAIN ENTRY--PERSONAL NAME | |
| Personal name | Lafleur, Marie-Rose |
| 245 01 - TITLE STATEMENT | |
| Title | Lang a fanm Ou ce que le créole dit des femmes ! |
| Statement of responsibility, etc. | ['Lafleur, Marie-Rose'] |
| 264 #1 - PRODUCTION, PUBLICATION, DISTRIBUTION, MANUFACTURE, AND COPYRIGHT NOTICE | |
| Name of producer, publisher, distributor, manufacturer | Ibis Rouge |
| Date of production, publication, distribution, manufacture, or copyright notice | 2005 |
| 300 ## - PHYSICAL DESCRIPTION | |
| Extent | p. |
| 336 ## - CONTENT TYPE | |
| Content type code | txt |
| Source | rdacontent |
| 337 ## - MEDIA TYPE | |
| Media type code | c |
| Source | rdamdedia |
| 338 ## - CARRIER TYPE | |
| Carrier type code | c |
| Source | rdacarrier |
| 520 ## - SUMMARY, ETC. | |
| Summary, etc. | Après le succès de Pa ban gaz, une étude sur le créole des jeunes, Marie-Rose Lafleur nous revient avec une étude de l'image des femmes dans la littérature orale et la culture populaire. Pour ce faire, elle est partie du lexique des devinettes, des proverbes, des contes, des chansons folkloriques et des croyances. De son analyse socio-anthropologique sur le statut de la femme aux Antilles françaises, elle dégage deux images de la femme, la femme mère, pilier de la famille, qui atteint dans la culture populaire la « consécration », c'est Marie qui s'oppose à Eve, « fanm, sé kabann a sèpan ». Dans cette deuxième représentation, la femme est perçue comme dangereuse et est affublée de stéréotypes négatifs et le plus souvent dévalorisée. Illustrations de la couverture et de l'intérieur: Christophe Lefaivre. |
| 650 #0 - SUBJECT ADDED ENTRY--TOPICAL TERM | |
| Topical term or geographic name entry element | |
| 700 0# - ADDED ENTRY--PERSONAL NAME | |
| Personal name | Lafleur, Marie-Rose |
| 856 40 - ELECTRONIC LOCATION AND ACCESS | |
| Access method | Cyberlibris |
| Uniform Resource Identifier | <a href="https://international.scholarvox.com/netsen/book/45007915">https://international.scholarvox.com/netsen/book/45007915</a> |
| Electronic format type | text/html |
| Host name | |
Pas d'exemplaire disponible.




Réseaux sociaux